000 01019nam a2200253 a 4500
999 _c444385
_d444385
003 BLK
005 20230526092814.0
008 220209b bu |||||r|||| 00| | bu d
040 _aBLK
041 _aBUL
_cBUL
080 _aВоенни набори на действуващи и запасни войски. Военен потенциал. Мобилизация
_b355.2
_z355.2
100 _9346502
_aГиргинов, Тодор Гиргинов
_eпърви автор
139 _aГиргинов, Тодор Гиргинов
245 _aПисма до младите войници
_c Тодор Гиргинов Гиргинов
260 _9212909
_aСофия
_b Воен. журнал
_c1902
300 _a160 с.
_c17 см
380 _a3
650 0 _aВоенно възпитание
_9318297
653 7 _9183586
_aвойници
653 7 _9183705
_aвъзпитание
852 _aЦб I 1672
_bО
942 _cKNG
_n0
_s1
944 _aCR
_c2022-02-09
_kХристина Везирева